[Event "Tatry op"]
[Site "Tatranske Zruby"]
[Date "2006.09.23"]
[Round "1"]
[White "Mozny, Milos"]
[Black "Dzwonkowski, Adam"]
[Result "1-0"]
[WhiteElo "2385"]
[BlackElo "2019"]
[PlyCount "71"]
[EventDate "2006.09.23"]
[EventType "swiss"]
[EventRounds "9"]
[EventCountry "SVK"]
[SourceTitle "CBM 114 Extra"]
[Source "ChessBase"]
[SourceDate "2006.11.03"]
[SourceVersion "1"]
[SourceVersionDate "2006.11.03"]
[SourceQuality "1"]

1. d4 d5 2. Nf3 e6 3. c4 Nf6 4. g3 c6 5. Bg2 Ne4 6. 0-0 Nd7 7. Qc2 Be7 8. Ne5 f5 9. Nd3 0-0 10. b3 h6 11. Bb2 Ndf6 12. f3 Ng5 13. Nd2 Bd7 14. Rae1 Be8 15. Nf4 Qd7 16. e4 Ngh7 17. h4 Nh5 18. Nxh5 Bxh5 19. exf5 exf5 20. Bh3 Qc7 21. f4 Bb4 22. cxd5 Bxd2 23. Qxd2 cxd5 24. Re5 Rae8 25. Ba3 Rf6 26. Qd3 Rc6 27. Bxf5 Nf6 28. Bb2 Rf8 29. Rfe1 Qa5 30. a3 Rd8 31. b4 Qb6 32. b5 Rc7 33. Bc3 Bg4 34. Bxg4 Nxg4 35. Re6 Rd6 36. Qg6 1-0

[Event "IECC CL2-2006.02 email"]
[Site "IECC email"]
[Date "2006.02.16"]
[Round "?"]
[White "Dzwonkowski, Adam"]
[Black "Costa, Paulo Cesar"]
[Result "0-1"]
[WhiteElo "2129"]
[BlackElo "2135"]
[PlyCount "92"]
[EventDate "2006.??.??"]
[EventType "tourn (corr)"]
[EventRounds "4"]
[SourceTitle "Corr 2015"]
[Source "ChessBase"]
[SourceDate "2015.07.17"]
[SourceVersion "1"]
[SourceVersionDate "2015.07.17"]
[SourceQuality "1"]
[WhiteTeam "Poland"]
[BlackTeam "Brazil"]
[WhiteTeamCountry "POL"]
[BlackTeamCountry "BRA"]

1. d4 d5 2. c4 dxc4 3. e3 e5 4. Bxc4 exd4 5. exd4 Nf6 6. Nf3 Be7 7. Nc3 0-0 8. 0-0 Nbd7 9. Re1 Nb6 10. Bb3 c6 11. Bg5 Nbd5 12. Nxd5 cxd5 13. Ne5 Be6 14. Bc2 Rc8 15. Rc1 Ne4 16. Bxe7 Qxe7 17. f3 Nd6 18. Qd3 Qh4 19. g3 Qh6 20. f4 Bf5 21. Qb3 Be4 22. Bxe4 dxe4 23. Kg2 Rxc1 24. Rxc1 Qh5 25. g4 Qh6 26. Kg3 Rd8 27. Rc7 Qf6 28. g5 Qf5 29. a3 e3 30. Qxe3 Qb1 31. Qd3 Qxb2 32. Rc2 Qb6 33. Kg2 Re8 34. h4 Qd8 35. Qb3 Qa5 36. Rc3 g6 37. Kf3 Re7 38. f5 Nxf5 39. Rc8+ Kg7 40. Qb4 Qd5+ 41. Kf2 Qh1 42. Ke2 Qxh4 43. Kd3 Qxg5 44. Kc2 Qe3 45. Rc4 b5 46. Qxb5 Qe4+ 0-1

[Event "IECG CB.2005.0.00145 email"]
[Site "IECG email"]
[Date "2005.10.09"]
[Round "?"]
[White "Konstantinov, Maxim"]
[Black "Dzwonkowski, Adam"]
[Result "0-1"]
[WhiteElo "1898"]
[BlackElo "1935"]
[PlyCount "70"]
[EventDate "2005.10.09"]
[EventType "tourn (corr)"]
[EventRounds "6"]
[SourceTitle "Corr 2008"]
[Source "ChessBase"]
[SourceDate "2008.06.24"]
[SourceVersion "1"]
[SourceVersionDate "2008.06.24"]
[SourceQuality "1"]

1. e4 c5 2. Nf3 d6 3. Bc4 e6 4. 0-0 a6 5. c3 Nf6 6. d3 Be7 7. Bb3 b5 8. Nbd2 Bb7 9. Re1 0-0 10. Nf1 Nbd7 11. Ng3 Qc7 12. d4 Rfc8 13. Bf4 a5 14. e5 dxe5 15. Nxe5 Nxe5 16. Bxe5 Qc6 17. f3 cxd4 18. Bxd4 Bc5 19. a4 Rd8 20. Qd2 Bxd4+ 21. cxd4 bxa4 22. Bc2 Qb6 23. Red1 e5 24. Nf5 Bc8 25. Rxa4 Bd7 26. Rc4 g6 27. Qg5 Bxf5 28. Bxf5 exd4 29. Bd3 Nd5 30. Rd2 Ne3 31. Rc1 Rac8 32. Re1 Rd5 33. Qh4 Qd6 34. Be4 Qb4 35. Rde2 d3 0-1

[Event "IECG CP-2005-P-00089"]
[Site "IECG email"]
[Date "2005.10.01"]
[Round "?"]
[White "Pimenov, Igor"]
[Black "Dzwonkowski, Adam"]
[Result "0-1"]
[WhiteElo "800"]
[BlackElo "1935"]
[PlyCount "26"]
[EventDate "2005.??.??"]
[EventType "tourn (corr)"]
[EventRounds "6"]
[SourceTitle "Corr 2024"]
[Source "ChessBase"]
[SourceDate "2023.10.19"]
[SourceVersion "1"]
[SourceVersionDate "2023.10.19"]
[SourceQuality "1"]

1. d4 d5 2. c4 c6 3. Nf3 Nf6 4. Bg5 Ne4 5. e3 dxc4 6. Bxc4 Nxg5 7. Nxg5 Qa5+ 8. Qd2 Qxg5 9. 0-0 Nd7 10. Nc3 Nf6 11. f4 Qg6 12. Rf2 Bf5 13. Re1 e6 0-1

[Event "Prague op 03rd"]
[Site "Prague"]
[Date "2004.01.22"]
[Round "8"]
[White "Svoboda, Vaclav"]
[Black "Dzwonkowski, Adam"]
[Result "1/2-1/2"]
[WhiteElo "2026"]
[BlackElo "2112"]
[PlyCount "59"]
[EventDate "2004.01.16"]
[EventType "swiss"]
[EventRounds "9"]
[EventCountry "CZE"]
[SourceTitle "CBM 098 Extra"]
[Source "ChessBase"]
[SourceDate "2004.03.10"]
[SourceVersion "2"]
[SourceVersionDate "2004.03.10"]
[SourceQuality "1"]

1. e4 c5 2. c3 d6 3. d4 Nd7 4. Nf3 Qc7 5. Nbd2 e6 6. Bd3 Ngf6 7. 0-0 Be7 8. Re1 a6 9. a4 b6 10. Nf1 Bb7 11. Ng3 0-0 12. Bf4 e5 13. dxe5 dxe5 14. Bg5 c4 15. Bc2 h6 16. Nf5 Rfe8 17. Nxe7+ Rxe7 18. Bxf6 Nxf6 19. Qe2 Rd8 20. Rad1 Red7 21. Nd2 b5 22. axb5 axb5 23. f3 Rd6 24. Nf1 Kf8 25. Ne3 Qc5 26. Rxd6 Rxd6 27. Rd1 Rxd1+ 28. Bxd1 g6 29. Qf2 Qd6 30. Bc2 1/2-1/2

[Event "IECC CL2-2002.10"]
[Site "IECC email"]
[Date "2002.04.04"]
[Round "?"]
[White "Dzwonkowski, Adam"]
[Black "Futida, Souitiro"]
[Result "0-1"]
[WhiteElo "2096"]
[BlackElo "2039"]
[PlyCount "118"]
[EventDate "2002.??.??"]
[EventType "tourn (corr)"]
[EventRounds "4"]
[SourceTitle "Corr 2008"]
[Source "ChessBase"]
[SourceDate "2008.06.24"]
[SourceVersion "1"]
[SourceVersionDate "2008.06.24"]
[SourceQuality "1"]

1. d4 Nf6 2. Nf3 d6 3. c4 g6 4. Nc3 Bg7 5. Bg5 0-0 6. Qd2 c5 7. 0-0-0 cxd4 8. Nxd4 Nc6 9. e3 a6 10. h4 h5 11. Be2 Nxd4 12. exd4 b5 13. Bxf6 Bxf6 14. g4 Bxg4 15. Bxg4 hxg4 16. h5 Qc8 17. Qf4 Qf5 18. Qxf5 gxf5 19. cxb5 axb5 20. Kb1 Rab8 21. Nd5 Kh7 22. Nxf6+ exf6 23. Kc2 Kh6 24. Kd3 Rbc8 25. Ra1 Rg8 26. a4 bxa4 27. Rxa4 g3 28. fxg3 Rxg3+ 29. Kd2 Rg2+ 30. Kd3 Rxb2 31. Ra6 Rb3+ 32. Kd2 Rg8 33. Kc2 Re3 34. Rxd6 Rg2+ 35. Kc1 Re6 36. Rd8 Rc6+ 37. Kb1 Rb6+ 38. Kc1 Ra2 39. Rh3 Re6 40. Kb1 Rg2 41. Rh8+ Kg7 42. Rc8 f4 43. Rc2 Rg3 44. Rxg3+ fxg3 45. Rc3 Rb6+ 46. Ka2 g2 47. Rg3+ Kh6 48. Rxg2 Kxh5 49. d5 f5 50. Rb2 Rd6 51. Rd2 f4 52. Kb3 Kg4 53. Kc4 f3 54. Kc5 Rd8 55. d6 f5 56. Kc6 Kg3 57. Rd3 Kg2 58. Rd5 Rf8 59. Kd7 f2 0-1

[Event "IECG CB.2001.0.00021 email"]
[Site "IECG email"]
[Date "2001.11.28"]
[Round "?"]
[White "Perez, Maria Jose"]
[Black "Dzwonkowski, Adam"]
[Result "1-0"]
[WhiteElo "1835"]
[BlackElo "1943"]
[PlyCount "133"]
[EventDate "2001.11.28"]
[EventType "tourn (corr)"]
[EventRounds "6"]
[SourceTitle "Corr 2008"]
[Source "ChessBase"]
[SourceDate "2008.06.24"]
[SourceVersion "1"]
[SourceVersionDate "2008.06.24"]
[SourceQuality "1"]

1. e4 c5 2. Nf3 a6 3. Nc3 d6 4. d4 Nd7 5. Be3 cxd4 6. Qxd4 Ngf6 7. Bc4 b5 8. Bb3 e6 9. 0-0 Rb8 10. Bg5 Bb7 11. Rad1 h6 12. Bxf6 Qxf6 13. e5 Qd8 14. exd6 Bxf3 15. gxf3 Rb6 16. Ne4 Rc6 17. Rfe1 Qb6 18. a4 Kd8 19. axb5 axb5 20. Qxb6+ Nxb6 21. Rd2 Nc8 22. Red1 g5 23. c3 Nb6 24. Ra1 f5 25. Ng3 Rxd6 26. Rxd6+ Bxd6 27. Bxe6 Bxg3 28. fxg3 f4 29. Bb3 Rf8 30. Kf2 Kc7 31. Ra7+ Kd6 32. Rh7 Rf6 33. gxf4 gxf4 34. h4 Nc4 35. Bxc4 bxc4 36. Ra7 Kc5 37. Ra5+ Kb6 38. Re5 Kc6 39. Ke2 Kd6 40. Re4 Kd5 41. Kd2 Kc5 42. Kc2 Rf5 43. b3 cxb3+ 44. Kxb3 Kd6 45. Kc4 Rc5+ 46. Kb4 Rf5 47. c4 Rf6 48. Rd4+ Kc6 49. c5 Kc7 50. Kb5 Rf8 51. Rd6 Rb8+ 52. Rb6 Rh8 53. h5 Rh7 54. Rc6+ Kb7 55. Rf6 Kc7 56. Rxf4 Re7 57. Rf6 Re3 58. f4 Rb3+ 59. Kc4 Rh3 60. Rxh6 Rh4 61. Kd5 Rxf4 62. Rh7+ Kc8 63. h6 Rf5+ 64. Kc6 Rf6+ 65. Kb5 Kb8 66. Rh8+ Ka7 67. h7 1-0

[Event "IECG CA.2001.0.00003"]
[Site "IECG email"]
[Date "2001.05.30"]
[Round "1"]
[White "Dzwonkowski, Adam"]
[Black "De Silva, Dinesh"]
[Result "0-1"]
[WhiteElo "2000"]
[BlackElo "2094"]
[PlyCount "92"]
[EventDate "2001.05.06"]
[EventType "tourn (corr)"]
[EventRounds "6"]
[SourceTitle "Corr 2024"]
[Source "ChessBase"]
[SourceDate "2023.10.19"]
[SourceVersion "1"]
[SourceVersionDate "2023.10.19"]
[SourceQuality "1"]

1. d4 Nf6 2. Nf3 g6 3. c4 Bg7 4. Nc3 d6 5. e4 0-0 6. Bg5 h6 7. Bf4 Nc6 8. d5 e5 9. Be3 Ne7 10. h3 c5 11. dxc6 bxc6 12. Qd2 Qa5 13. 0-0-0 Rd8 14. Bxh6 Rb8 15. Bxg7 Kxg7 16. Qe3 Qb4 17. Rd2 d5 18. a3 Qb3 19. Qg5 Re8 20. cxd5 Nexd5 21. exd5 Bf5 22. Qe3 Nxd5 23. Nxd5 Qa2 24. Kd1 cxd5 25. Ke1 d4 26. Qe2 Rxb2 27. Rxb2 Qa1+ 28. Qd1 Qxb2 29. Qd2 Qa1+ 30. Qd1 Qc3+ 31. Qd2 Rb8 32. Qxc3 dxc3 33. Bb5 Rxb5 34. Ke2 Rb2+ 35. Ke3 f6 36. Rc1 Rb3 37. a4 Kf7 38. g4 c2+ 39. Ke2 Bd3+ 40. Kd2 Be4 41. Ne1 Rxh3 42. Nxc2 Rd3+ 43. Ke1 Rc3 44. Kd2 Rxc2+ 45. Rxc2 Bxc2 46. Kxc2 Ke6 0-1

[Event "IECC CL2-2001.15"]
[Site "IECC email"]
[Date "2001.04.21"]
[Round "?"]
[White "Dzwonkowski, Adam"]
[Black "Malmstroem, Jan"]
[Result "1/2-1/2"]
[WhiteElo "2051"]
[BlackElo "2070"]
[PlyCount "53"]
[EventDate "2001.??.??"]
[EventType "tourn (corr)"]
[EventRounds "4"]
[SourceTitle "Corr 2008"]
[Source "ChessBase"]
[SourceDate "2008.06.24"]
[SourceVersion "1"]
[SourceVersionDate "2008.06.24"]
[SourceQuality "1"]

1. d4 Nf6 2. Nf3 d5 3. c4 c6 4. e3 g6 5. Nc3 Bg7 6. Bd3 0-0 7. 0-0 dxc4 8. Bxc4 Nbd7 9. e4 Nb6 10. Be2 Bg4 11. Be3 Ne8 12. a4 Nd6 13. Qc2 Bxf3 14. Bxf3 Nbc4 15. e5 Nf5 16. Nd1 Ncxe3 17. fxe3 e6 18. a5 a6 19. Qb3 Qe7 20. Nf2 f6 21. exf6 Bxf6 22. Ne4 Rad8 23. Nxf6+ Rxf6 24. Be2 Rdf8 25. Rad1 Nd6 26. Rxf6 Rxf6 27. Bd3 1/2-1/2

[Event "IECG C1.2001.0.00348"]
[Site "IECG email"]
[Date "2001.03.25"]
[Round "?"]
[White "Petrov, Milen Stoyanov"]
[Black "Dzwonkowski, Adam"]
[Result "1/2-1/2"]
[WhiteElo "2068"]
[BlackElo "2000"]
[PlyCount "61"]
[EventDate "2001.03.25"]
[EventType "tourn (corr)"]
[EventRounds "6"]
[SourceTitle "Corr 2008"]
[Source "ChessBase"]
[SourceDate "2008.06.24"]
[SourceVersion "1"]
[SourceVersionDate "2008.06.24"]
[SourceQuality "1"]

1. e4 c5 2. Nf3 a6 3. c4 d6 4. Nc3 e5 5. Bd3 Nf6 6. Bc2 Nc6 7. Ba4 Be7 8. 0-0 0-0 9. d3 Rb8 10. h3 Nd4 11. Rb1 b5 12. cxb5 Nxb5 13. Bd2 Nd4 14. Nxd4 cxd4 15. Nd5 Nxd5 16. exd5 Bg5 17. f4 Bh6 18. fxe5 Bxd2 19. Qxd2 dxe5 20. Bc6 Qa5 21. Rf2 f6 22. b4 Rb6 23. a4 h6 24. b5 Rf7 25. Rb2 axb5 26. axb5 Bb7 27. d6 Bc8 28. g4 Rf8 29. Bb7 f5 30. gxf5 Rc6 31. Rg2 1/2-1/2

[Event "IECG C1.2001.0.00336"]
[Site "IECG email"]
[Date "2001.02.04"]
[Round "?"]
[White "Vercammen, Bert"]
[Black "Dzwonkowski, Adam"]
[Result "1/2-1/2"]
[WhiteElo "2037"]
[BlackElo "2000"]
[PlyCount "64"]
[EventDate "2001.02.04"]
[EventType "tourn (corr)"]
[EventRounds "6"]
[SourceTitle "Corr 2024"]
[Source "ChessBase"]
[SourceDate "2023.10.19"]
[SourceVersion "1"]
[SourceVersionDate "2023.10.19"]
[SourceQuality "1"]

1. d4 f5 2. Bg5 g6 3. Nd2 Bg7 4. e4 fxe4 5. Nxe4 Nf6 6. Nxf6+ exf6 7. Be3 d5 8. Bd3 Nc6 9. c3 Ne7 10. Ne2 0-0 11. Ng3 Qd6 12. Qd2 Bg4 13. h3 Bd7 14. 0-0-0 Rae8 15. h4 a6 16. h5 g5 17. h6 Bh8 18. f4 Rf7 19. Rdf1 b5 20. Nh5 Nf5 21. Bxf5 Bxf5 22. fxg5 fxg5 23. Bxg5 Ref8 24. g4 Be4 25. Rxf7 Rxf7 26. Rg1 b4 27. Ng3 bxc3 28. bxc3 c5 29. Nxe4 dxe4 30. Be3 cxd4 31. Bxd4 Bxd4 32. Qxd4 Qxh6+ 1/2-1/2

[Event "IECC CL2-2001.03"]
[Site "IECC email"]
[Date "2001.01.21"]
[Round "?"]
[White "Hanegby, Avigdor"]
[Black "Dzwonkowski, Adam"]
[Result "0-1"]
[WhiteElo "1996"]
[BlackElo "2031"]
[PlyCount "96"]
[EventDate "2001.??.??"]
[EventType "tourn (corr)"]
[EventRounds "4"]
[SourceTitle "Corr 2008"]
[Source "ChessBase"]
[SourceDate "2008.06.24"]
[SourceVersion "1"]
[SourceVersionDate "2008.06.24"]
[SourceQuality "1"]

1. f4 d5 2. Nf3 c5 3. e3 Nf6 4. b3 Nc6 5. Bb5 Qb6 6. c4 Bg4 7. 0-0 e6 8. Qe1 Bxf3 9. Rxf3 Be7 10. d3 Rd8 11. Bb2 a6 12. Bxc6+ Qxc6 13. Nd2 0-0 14. e4 dxe4 15. Nxe4 Nxe4 16. dxe4 Rd7 17. f5 f6 18. Qh4 Rd2 19. Bc3 Re2 20. Rh3 h6 21. Re1 Rxe1+ 22. Qxe1 Bd6 23. Qd2 exf5 24. exf5 Qc7 25. a3 b6 26. Qd5+ Kh7 27. Qe6 Rd8 28. Qe2 Bf4 29. Kf2 Qd7 30. Qg4 Qd6 31. Qe2 Kg8 32. Qe4 Bd2 33. Bb2 Kf8 34. Rf3 Qxh2 35. Rh3 Qd6 36. Rf3 Bg5 37. Bc3 Qd1 38. b4 Qh1 39. Rh3 Qc1 40. bxc5 bxc5 41. Rf3 Qxa3 42. Rd3 Re8 43. Qd5 Be3+ 44. Kg3 Qc1 45. Qd6+ Kg8 46. Qd5+ Kh8 47. Qc6 Rb8 48. Qf3 Bg1 0-1

[Event "IECG CB.2001.0.00021 email"]
[Site "IECG email"]
[Date "2001.??.??"]
[Round "?"]
[White "Draba, Henryk"]
[Black "Dzwonkowski, Adam"]
[Result "1/2-1/2"]
[WhiteElo "1963"]
[BlackElo "1943"]
[PlyCount "87"]
[EventDate "2001.11.28"]
[EventType "tourn (corr)"]
[EventRounds "6"]
[SourceTitle "Corr 2008"]
[Source "ChessBase"]
[SourceDate "2008.06.24"]
[SourceVersion "1"]
[SourceVersionDate "2008.06.24"]
[SourceQuality "1"]

1. e4 c5 2. Nf3 a6 3. c4 d6 4. d4 Nd7 5. Nc3 e5 6. dxe5 dxe5 7. Be2 Ngf6 8. 0-0 Be7 9. Qc2 0-0 10. Rd1 Qc7 11. b3 Rd8 12. Bb2 b6 13. Rd2 Bb7 14. Rad1 Bf8 15. a3 Rab8 16. Nd5 Nxd5 17. exd5 g6 18. Bd3 Qd6 19. Re1 Bg7 20. Rde2 f6 21. Nd2 f5 22. f3 Rf8 23. Nf1 Ba8 24. Bc3 b5 25. a4 b4 26. Bb2 Rbd8 27. Qb1 Rf7 28. Qc1 h6 29. Bb1 Kh7 30. Ng3 Bb7 31. Nh1 Bf6 32. Nf2 Bg5 33. Qd1 Re8 34. Nh3 Bh4 35. Rf1 Rfe7 36. Bc1 Rf7 37. Qd2 Qf8 38. g3 Bf6 39. Rfe1 Rd8 40. Bb2 Qd6 41. Nf2 Re8 42. Bc1 Bg7 43. Rd1 a5 44. Qe3 1/2-1/2

[Event "IECC CL2-2000.41"]
[Site "IECC email"]
[Date "2000.12.01"]
[Round "?"]
[White "Dzwonkowski, Adam"]
[Black "Endean, Andrew"]
[Result "1/2-1/2"]
[WhiteElo "2020"]
[BlackElo "1950"]
[PlyCount "60"]
[EventDate "2000.??.??"]
[EventType "tourn (corr)"]
[EventRounds "4"]
[SourceTitle "Corr 2008"]
[Source "ChessBase"]
[SourceDate "2008.06.24"]
[SourceVersion "1"]
[SourceVersionDate "2008.06.24"]
[SourceQuality "1"]

1. d4 d5 2. Nf3 Nf6 3. c4 c6 4. e3 Bf5 5. Nc3 e6 6. h3 Nbd7 7. Be2 dxc4 8. Bxc4 Nb6 9. Bd3 Bxd3 10. Qxd3 Bb4 11. e4 0-0 12. 0-0 c5 13. Rd1 cxd4 14. Nb5 Nbd7 15. e5 Nd5 16. Ng5 g6 17. Qg3 Qb6 18. Nxd4 Rac8 19. Qh4 h5 20. Ngf3 Be7 21. Bg5 Bxg5 22. Qxg5 Kh7 23. Rd2 Nc5 24. Qh4 Kg8 25. Rad1 Qd8 26. Ng5 Ne4 27. Qxe4 Qxg5 28. h4 Qf4 29. Qxf4 Nxf4 30. g3 Nd5 1/2-1/2

[Event "IECG C1.2000.0.00315"]
[Site "IECG email"]
[Date "2000.10.27"]
[Round "?"]
[White "Da Silva Filho, Alcindo Luz Bastos"]
[Black "Dzwonkowski, Adam"]
[Result "1-0"]
[WhiteElo "2127"]
[BlackElo "2000"]
[PlyCount "86"]
[EventDate "2000.10.27"]
[EventType "tourn (corr)"]
[EventRounds "6"]
[SourceTitle "Corr 2008"]
[Source "ChessBase"]
[SourceDate "2008.06.24"]
[SourceVersion "1"]
[SourceVersionDate "2008.06.24"]
[SourceQuality "1"]

1. e4 c5 2. Nc3 g6 3. d4 cxd4 4. Qxd4 Nf6 5. Bb5 a6 6. e5 axb5 7. exf6 Nc6 8. Qd3 exf6 9. Nd5 Bg7 10. Qe2+ Kf8 11. Bd2 f5 12. Qxb5 Nd4 13. Qd3 Ra6 14. Kf1 Rg8 15. Bc3 Ne6 16. Ne2 f6 17. Bb4+ d6 18. Rd1 Kf7 19. Nec3 Qd7 20. Nb5 Rd8 21. c4 Nc5 22. Qe3 Rc6 23. f3 Re8 24. Qd2 Na6 25. Kf2 Bf8 26. Bc3 Rxc4 27. Na3 Rxc3 28. Qxc3 Qd8 29. Nc4 b5 30. Nce3 Nc5 31. Qb4 Bd7 32. Rhe1 Kg8 33. Kg1 Re5 34. Qd4 Bc6 35. f4 Re6 36. b4 Nd7 37. Rc1 Re4 38. Qc3 Ba8 39. Qd3 Bxd5 40. Nxd5 Rxe1+ 41. Rxe1 Qb8 42. Rc1 Qa7+ 43. Kf1 Qxa2 1-0